NLSUI OPAC header image

Teaching for social justice : (Record no. 35000)

MARC details
000 -LEADER
fixed length control field 01152cam a2200289 a 4500
005 - DATE AND TIME OF LATEST TRANSACTION
control field 20260325105118.0
008 - FIXED-LENGTH DATA ELEMENTS--GENERAL INFORMATION
fixed length control field 971118s1998 nyua b 001 0 eng
020 ## - INTERNATIONAL STANDARD BOOK NUMBER
International Standard Book Number 1565844203
020 ## - INTERNATIONAL STANDARD BOOK NUMBER
International Standard Book Number 9781565844209 (pbk.)
082 00 - DEWEY DECIMAL CLASSIFICATION NUMBER
Classification number 306.43 AYE
100 ## - MAIN ENTRY--PERSONAL NAME
Personal name Ayers William
245 00 - TITLE STATEMENT
Title Teaching for social justice :
Remainder of title a Democracy and education reader /
Statement of responsibility, etc. edited by William Ayers, Jean Ann Hunt, and Therese Quinn.
260 ## - PUBLICATION, DISTRIBUTION, ETC.
Place of publication, distribution, etc. New York :
Name of publisher, distributor, etc. New Press :
Date of publication, distribution, etc. 1998.
300 ## - PHYSICAL DESCRIPTION
Extent xlvi, 326 p. :
Other physical details ill. ;
Dimensions 24 cm.
504 ## - BIBLIOGRAPHY, ETC. NOTE
Bibliography, etc. note Includes bibliographical references and index.
650 #0 - SUBJECT ADDED ENTRY--TOPICAL TERM
Topical term or geographic name entry element Education
General subdivision Social aspects
Geographic subdivision United States.
650 #0 - SUBJECT ADDED ENTRY--TOPICAL TERM
Topical term or geographic name entry element Teaching
General subdivision Social aspects
Geographic subdivision United States.
650 #0 - SUBJECT ADDED ENTRY--TOPICAL TERM
Topical term or geographic name entry element Social justice
Geographic subdivision United States.
650 #0 - SUBJECT ADDED ENTRY--TOPICAL TERM
Topical term or geographic name entry element Popular education
Geographic subdivision United States.
700 1# - ADDED ENTRY--PERSONAL NAME
Personal name Ayers, William,
Dates associated with a name 1944-
700 1# - ADDED ENTRY--PERSONAL NAME
Personal name Hunt, Jean Ann.
700 1# - ADDED ENTRY--PERSONAL NAME
Personal name Quinn, Therese.
730 0# - ADDED ENTRY--UNIFORM TITLE
Uniform title Democracy & education.
856 42 - ELECTRONIC LOCATION AND ACCESS
Materials specified Publisher description
Uniform Resource Identifier <a href="http://www.loc.gov/catdir/enhancements/fy1505/97049382-d.html">http://www.loc.gov/catdir/enhancements/fy1505/97049382-d.html</a>
856 42 - ELECTRONIC LOCATION AND ACCESS
Materials specified Contributor biographical information
Uniform Resource Identifier <a href="http://www.loc.gov/catdir/enhancements/fy1505/97049382-b.html">http://www.loc.gov/catdir/enhancements/fy1505/97049382-b.html</a>
942 ## - ADDED ENTRY ELEMENTS (KOHA)
Source of classification or shelving scheme Dewey Decimal Classification
Koha item type BOOKs
Holdings
Withdrawn status Lost status Damaged status Not for loan Home library Current library Shelving location Date acquired Cost, normal purchase price Total Checkouts Full call number Barcode Date last seen Price effective from Koha item type
        . . General Stacks 30.05.2017 1411.00   306.43 AYE 30751 14.06.2024 30.05.2017 BOOKs